|
|
|
|
| LEADER |
00000cam a2200000 7i4500 |
| 001 |
0000153630 |
| 005 |
20110926.0 |
| 020 |
|
|
|a 9789814328487
|
| 090 |
0 |
0 |
|a 499.22183421
|b ARI
|
| 100 |
1 |
|
|a Arianto, Cynthia
|
| 245 |
1 |
0 |
|a Communicate effectively with your Indonesian domestic helper
|c Cynthia Arianto and Siau Leong
|
| 260 |
|
|
|a Singapore :
|b Marshall Cavendish International (Asia) Pte Ltd ,
|c 2011
|
| 300 |
|
|
|a 152p. ;
|c 21cm.
|
| 650 |
0 |
0 |
|a Indonesian language
|x Conversation and phrase books
|x English
|
| 700 |
1 |
|
|a Leong, Siau
|
| 999 |
|
|
|a 00252393
|b BUKU
|c PINJAMAN
|e PERPUSTAKAAN KOMUNITI PETALING JAYA
|